Các loại rau củ giàu dinh dưỡng

保存先:
書誌詳細
第一著者:  Đặng Châu Linh
フォーマット: Sách
言語:Undetermined
出版事項:  Nxb. Hà Nội  2008
主題:
タグ: タグ追加
タグなし, このレコードへの初めてのタグを付けませんか!
Thư viện lưu trữ: Trung tâm Thư viện - Trường Đại học Công nghiệp TP. Hồ Chí Minh
LEADER 00502nam a2200157Ia 4500
001 UIH_05895
008 231011s9999 xx 000 0 und d
082 |a  641.63 
100 |a  Đặng Châu Linh 
245 0 |a  Các loại rau củ giàu dinh dưỡng 
245 0 |c  Đặng Châu Linh 
260 |b  Nxb. Hà Nội 
260 |c  2008 
650 |a  Thực phẩm;  
927 |a Sách 
980 |a Trung tâm Thư viện - Trường Đại học Công nghiệp TP. Hồ Chí Minh